000 00556nam a2200181 a 4500
001 000048259
005 20201002061027.0
008 181210s2015 dr r 000 0 spa d
020 _a9789945589665
040 _aDO-SdBNP
_bspa
_cBNPHU
082 _axxxx
_bM386m
100 1 _aMartínez, José Lino
_975694
245 1 0 _aMáximas y pensamientos /
_cJosé Lino Martínez.
260 _aSanto Domingo :
_bSantuario,
_c2015.
300 _a129 p. ; :
_b23 cm.
500 _aIncluye datos biográficos del autor en las solapas
590 _aInventariado, 2019/BT
999 _c47747
_d47747